Labour Party Prime Ministers Quiz Stats

 Plays Quiz Updated Sep 24, 2013

Support Sporcle.
Go Orange.
Score 0/6 Timer 01:30
1 Play Today
Years Prime Minister % Correct
1997- 2007Tony Blair
98.1%
2007-2010Gordon Brown
94%
1964-1970, 1974-1976Harold Wilson
73.3%
1945-1951Clement Attlee
72.3%
1976-1979James Callaghan
66.7%
1924, 1929-1935Ramsay MacDonald
54.6%

You're not logged in!

Compare scores with friends on all Sporcle quizzes.
OR
Log In
Forgot?

From the Vault

TV Show by Spin-Off

by adora

What does it say about the original show if the spin-off is better?
Remove Ads.
Support Sporcle.
Get the best of Sporcle when you Go Orange. This ad-free experience offers more features, more stats, and more fun while also helping to support Sporcle. Thank you for becoming a member.

Show Comments

Extras

Top Quizzes Today


Score Distribution

Your Account Isn't Verified!

In order to create a playlist on Sporcle, you need to verify the email address you used during registration. Go to your Sporcle Settings to finish the process.

Report this User

Report this user for behavior that violates our Community Guidelines.

Details: